Rozsypanka literowa - instrumenty muzyczne - Statystyki

Ogólne statystyki
  • Ten quiz został rozwiązany 1 352 razy
    1 244 od ostatniego zresetowania
  • Średni wynik to 16 z 24
Statystyki odpowiedzi
Rozsypanka Instrument % Poprawnych
elft flet
99%
fraha harfa
95%
kjórtąt trójkąt
95%
buta tuba
94%
abkątr trąbka
93%
znopu puzon
88%
bóoj obój
87%
nfokasos saksofon
85%
eniaofrtp fortepian
83%
ipnaoin pianino
83%
nezcaliwoln wiolonczela
82%
gtoaf fagot
67%
netlkar klarnet
65%
edonkaro akordeon
62%
saokrtanb kontrabas
62%
ókalatw altówka
58%
uilatn lutnia
56%
pckzrsey skrzypce
55%
ałjkabaał bałałajka
51%
ofyoskln ksylofon
48%
tnoryba baryton
46%
alorawnit waltornia
34%
riambam marimba
30%
onifuemu eufonium
9%
Nie znaleziono quizów pasujących do podanych kryteriów
Rozkład punktacji
Procent ludzi z każdym wynikiem
Percentyl według liczby udzielonych odpowiedzi
Twoja historia wyników
Nie rozwiązałeś tego quizu od ostatniego zresetowania